Your pathway to qualifying in planning and development (Record no. 106597)

MARC details
000 -LEADER
fixed length control field 01802cam a2200241 4500
001 - CONTROL NUMBER
control field L137019
008 - FIXED-LENGTH DATA ELEMENTS--GENERAL INFORMATION
fixed length control field 110830s2006 xxk f 000 0 eng d
035 ## - SYSTEM CONTROL NUMBER
System control number (Sirsi) u137019
041 0# - LANGUAGE CODE
Language code of text/sound track or separate title eng
050 04 - LIBRARY OF CONGRESS CALL NUMBER
Classification number 711.1 $2 18
110 2# - MAIN ENTRY--CORPORATE NAME
Corporate name or jurisdiction name as entry element Royal Institution of Chartered Surveyors
Subordinate unit Planning and Development Faculty
9 (RLIN) 4351
245 00 - TITLE STATEMENT
Title Your pathway to qualifying in planning and development
260 ## - PUBLICATION, DISTRIBUTION, ETC.
Place of publication, distribution, etc. London
Name of publisher, distributor, etc. RICS
Date of publication, distribution, etc. 2006
505 2# - FORMATTED CONTENTS NOTE
Formatted contents note Pathway requirements: planning and development APC; planning and development ATC -- Competency guidance: access and rights over land; cadastre and land management; compulsory purchase and compensation; development appraisals; development/project briefs; economic development; housing strategy and provision; leasing/letting; legal/regulatory compliance; management of the built environment; mapping; measurement of land and property; planning; purchase and sales; sustainability; valuation.
520 ## - SUMMARY, ETC.
Summary, etc. Provides information on planning and development with a general overview of the relevant pathways. Lists the competency requirements of the planning and development APC and ATC pathways (as set out in the APC/ATC Requirements and competencies guide July 2006). Describes the main technical competencies associated with planning and development, providing expanded sector specific guidance on each of them.
590 ## - LOCAL NOTE (RLIN)
Local note KA
651 #4 - SUBJECT ADDED ENTRY--GEOGRAPHIC NAME
Geographic name United Kingdom
Chronological subdivision
690 ## - LOCAL SUBJECT ADDED ENTRY--TOPICAL TERM (OCLC, RLIN)
Topical term or geographic name as entry element CAREERS, EDUCATION AND TRAINING-QUALIFICATION ROUTES
690 ## - LOCAL SUBJECT ADDED ENTRY--TOPICAL TERM (OCLC, RLIN)
Topical term or geographic name as entry element ENVIRONMENTAL AND LAND CONSULTANCY-PLANNING AND DEVELOPMENT
690 ## - LOCAL SUBJECT ADDED ENTRY--TOPICAL TERM (OCLC, RLIN)
Topical term or geographic name as entry element CAREERS, EDUCATION AND TRAINING-QUALIFICATION ROUTES-ASSESSMENT OF PROFESSIONAL COMPETENCE
856 48 - ELECTRONIC LOCATION AND ACCESS
Uniform Resource Identifier <a href="https://www.rics.org/site/download_feed.aspx?fileID=173&fileExtension=PDF">https://www.rics.org/site/download_feed.aspx?fileID=173&fileExtension=PDF</a>
Public note View the guide free of charge at www.rics.org
942 ## - ADDED ENTRY ELEMENTS (KOHA)
Suppress in OPAC 0
Holdings
Withdrawn status Lost status Source of classification or shelving scheme Damaged status Not for loan Home library Current library Shelving location Date acquired Total Checkouts Full call number Barcode Date last seen Copy number Price effective from Koha item type
    Dewey Decimal Classification     Virtual Virtual Online 09/03/2007   ONLINE PUBLICATION 137019-1001 06/08/2019 1 06/08/2019 Book